Vikings Series Quiz (Season 1) - Statistics

General Stats
  • This quiz has been taken 111 times
  • The average score is 11 of 18
Answer Stats
Hint Answer % Correct
The Main Character Ragnar Lothbrok
100%
His Son Björn
97%
"The Boatbuilder" Floki
94%
His Brother Rollo
94%
His Wife Lagertha
92%
What God Is The Thunder God? Thor
84%
Which God Does Ragnar See In This Scene? Odin
80%
Who Is King of the Above? Aelle
57%
The Monk Ragnar Brings Back From Lindisfarne Athelstan
56%
In What Kingdom Is Lindisfarne Located? Northumbria
53%
His Daughter Gyda
51%
The Earl's Wife Siggy
51%
The First Place the Vikings Raid Lindisfarne
44%
The Earl of Kattegatt Haraldsson
41%
To Which Town Do the Vikings Make a Holy Pilgrimage? Uppsala
26%
What Does Ragnar Use To Navigate the Sea? Sunstone
18%
The Earl's Brother Knut
16%
Where Does the First Scene In the Series Take Place? Eastern Baltic
4%
No matching quizzes found
Score Distribution
Percent of People with Each Score
Percentile by Number Answered
Your Score History
You have not taken this quiz